| 000 | 00539nam a2200181Ia 4500 | ||
|---|---|---|---|
| 003 | OSt | ||
| 005 | 20260127162939.0 | ||
| 008 | 210210b1966 xxu||||| |||| 00| 0 eng d | ||
| 040 | _cAL | ||
| 041 | _aKannada | ||
| 082 | _a854/74 | ||
| 100 |
_aKESHAVA SHARMA GALAGALI _9162685 _dಕೇಶವ ಶರ್ಮಾ ಗಲಗಲಿ |
||
| 245 |
_aSalankranta sahitya: _bಸಾಲಂಕೃತ ಸಾಹಿತ್ಯ |
||
| 260 |
_aDharavada _bSamaja Pustakalaya _c1966 |
||
| 690 |
_aKannada Criticism _9162686 |
||
| 906 | _a019926 | ||
| 942 |
_2ddc _cBK |
||
| 999 |
_c144076 _d144076 |
||